Resiliencia-Autoestima-Bienestar psicológico y Capacidad intelectual de estudiantes de cuarto medio de buen rendimiento de liceos vulnerables (Record no. 173732)
[ view plain ]
| 000 -CABECERA | |
|---|---|
| campo de control de longitud fija | 02053nab a2200337 a 4500 |
| 005 - FECHA Y HORA DE LA ÚLTIMA TRANSACCIÓN | |
| campo de control | 20210219162310.0 |
| 008 - ELEMENTOS DE LONGITUD FIJA--INFORMACIÓN GENERAL | |
| campo de control de longitud fija | 991125s1985 mx 000 0 spa u |
| 035 ## - NÚMERO DE CONTROL DEL SISTEMA | |
| Número de control de sistema | UPN01000201631 |
| 049 ## - COLECCIÓN | |
| Colección | ART-E |
| 100 1# - ASIENTO PRINCIPAL--NOMBRE PERSONAL | |
| Nombre de persona | Morales N., Mario |
| 100 1# - ASIENTO PRINCIPAL--NOMBRE PERSONAL | |
| Filiación | mario.morales@usach.cl |
| 100 1# - ASIENTO PRINCIPAL--NOMBRE PERSONAL | |
| Nombre de persona | González G., Adolfo |
| 222 00 - TÍTULO CLAVE | |
| Título clave | ESTUDIOS PEDAGÓGICOS |
| 245 00 - MENCIÓN DE TÍTULO | |
| Título | Resiliencia-Autoestima-Bienestar psicológico y Capacidad intelectual de estudiantes de cuarto medio de buen rendimiento de liceos vulnerables |
| 260 ## - PUBLICACIÓN, DISTRIBUCIÓN, ETC. | |
| Lugar de publicación, distribución, etc. | Chile |
| 300 ## - DESCRIPCIÓN FÍSICA | |
| Extensión | 215-228 |
| 362 0# - FECHAS DE PUBLICACIÓN Y/O DESIGNACIÓN SECUENCIAL | |
| Fecha de publicación y/o designación secuencial | 2014 Vol. 40, no. 1 |
| 336 ## - TIPO DE CONTENIDO | |
| Término de tipo de contenido | texto$2rdacontent |
| 337 ## - TIPO DE MEDIO | |
| Nombre/término del tipo de medio | computadora$2rdamedia |
| 338 ## - TIPO DE SOPORTE | |
| Nombre/término del tipo de soporte | recurso en linea$2rdacarrier |
| 520 3# - NOTA DE RESUMEN, ETC. | |
| Sumario, etc. | Este artículo es un estudio realizado con 175 estudiantes de cuarto año medio de liceos prioritarios, con un alto índice de vulnerabilidad, perteneciente a la VI Región de Chile. Se evaluó su capacidad intelectual, resiliencia, bienestar psicológico y la autoestima. Se correlacionaron las distintas variables con el rendimiento escolar y los resultados obtenidos indican la existencia de correlación entre el bienestar psicológico y la resiliencia; la autoestima y la resiliencia; el bienestar psicológico y la autoestima, pero estas no se correlacionan con el rendimiento escolar. Posteriormente, se clasificaron los estudiantes en tres grupos: alumnos de alto rendimiento, de rendimiento promedio y un tercer grupo con bajo rendimiento. Se encontró diferencias significativas entre los grupos en la capacidad intelectual, pero no en las variables relacionadas con la autoestima, bienestar psicológico y resiliencia. Si se evidencia diferencias en algunos subfactores de las escalas administradas. |
| 653 0# - TERMINO DE INDIZACION - NO CONTROLADO | |
| Término no controlado | ALTO RENDIMIENTO |
| 653 0# - TERMINO DE INDIZACION - NO CONTROLADO | |
| Término no controlado | BIENESTAR PSICOLOGICO |
| 653 0# - TERMINO DE INDIZACION - NO CONTROLADO | |
| Término no controlado | CAPACIDAD INTELECTUAL |
| 653 0# - TERMINO DE INDIZACION - NO CONTROLADO | |
| Término no controlado | RESILIENCIA |
| 653 0# - TERMINO DE INDIZACION - NO CONTROLADO | |
| Término no controlado | ESCUELAS VULNERABLES |
| 653 0# - TERMINO DE INDIZACION - NO CONTROLADO | |
| Término no controlado | AUTOESTIMA |
| 856 4# - LOCALIZACIÓN Y ACCESO ELECTRÓNICOS | |
| Identificador Uniforme del Recurso | <a href="http://mingaonline.uach.cl/pdf/estped/v40n1/art13.pdf">http://mingaonline.uach.cl/pdf/estped/v40n1/art13.pdf</a> |
| 905 ## - TIPO DE MATERIAL | |
| Tipo de material | Articulo |
No items available.
